Octauus tomus Commentarios in Psalterium habet (Record no. 156309)
[ view plain ]
| 000 -LEADER | |
|---|---|
| campo de control de longitud fija | 00782nam a22001935i 4500 |
| 001 - NÚMERO DE CONTROL | |
| campo de control | 156309 |
| 003 - IDENTIFICADOR DE NÚMERO DE CONTROL | |
| campo de control | ES-MaACL |
| 005 - FECHA Y HORA DE LA ÚLTIMA TRANSACCIÓN | |
| campo de control | 20250821063054.0 |
| 008 - DATOS DE LONGITUD FIJA--INFORMACIÓN GENERAL | |
| campo de control de longitud fija | 000713s1516 sz |||| | lat d |
| 040 ## - FUENTE DE CATALOGACIÓN | |
| Centro catalogador/agencia de origen | EXT |
| Lengua de catalogación | spa |
| Centro/agencia transcriptor | EXT |
| 100 0# - ENTRADA PRINCIPAL--NOMBRE DE PERSONA | |
| Nombre de persona | Jerónimo, |
| Títulos y otros términos asociados al nombre | Santo |
| 9 (RLIN) | 66343 |
| 245 10 - MENCIÓN DEL TÍTULO | |
| Título | Octauus tomus Commentarios in Psalterium habet |
| Resto del título | : accessit his Psalterium triplici lingua hebraica, graeca, et latina. |
| 260 ## - PUBLICACIÓN, DISTRIBUCIÓN, ETC. | |
| Lugar de publicación, distribución, etc. | [S.l. : |
| Nombre del editor, distribuidor, etc. | s.n., |
| Fecha de publicación, distribución, etc. | s.a.] |
| 300 ## - DESCRIPCIÓN FÍSICA | |
| Extensión | 104 h. ; |
| Dimensiones | 37 cm. |
| 596 ## - NOTA AL PIE DE IMPRENTA | |
| NOTA AL PIE DE IMPRENTA | Lugar y fecha de cabecera tomados del v. de port.: "Basileae, 1516" |
| 597 ## - NOTA DE DESCRIPCIÓN FÍSICA | |
| NOTA DE DESCRIPCIÓN FÍSICA | Sign.: 3a-3q6, 3r8. |
| 852 ## - LOCALIZACIÓN | |
| Ubicación | ES-MaACL |
| Número de control de estantería | R-1526(1) |
| Nota libre | -- Enc. piel grab. con hierros |
| -- | -- Anot. ms. del expurgo de 1583, por fray Fernando de Cordoba |
| Encuadernación | Olim:G-2195-2200 |
| Estatus retirado | Estado de pérdida | Estado de daño | No para préstamo | Biblioteca de origen | Biblioteca actual | Ubicación en estantería | Fecha de adquisición | Total de préstamos | Signatura topográfica completa | Código de barras | Visto por última vez | Precio de reemplazo | Tipo de ítem Koha |
|---|---|---|---|---|---|---|---|---|---|---|---|---|---|
| Biblioteca del Ateneo de Madrid | Biblioteca del Ateneo de Madrid | Depósito | 17/01/2008 | R-1522-27(1) | 1163532 | 23/02/2023 | 23/02/2023 | Libro impreso |
